<?xml version="1.0" encoding="UTF-8"?><?xml-stylesheet type="text/xsl" href="static/style.xsl"?><OAI-PMH xmlns="http://www.openarchives.org/OAI/2.0/" xmlns:xsi="http://www.w3.org/2001/XMLSchema-instance" xsi:schemaLocation="http://www.openarchives.org/OAI/2.0/ http://www.openarchives.org/OAI/2.0/OAI-PMH.xsd"><responseDate>2026-06-05T12:28:18Z</responseDate><request verb="GetRecord" identifier="oai:riuma.uma.es:10630/35604" metadataPrefix="marc">https://riuma.uma.es/rest/oai/request</request><GetRecord><record><header><identifier>oai:riuma.uma.es:10630/35604</identifier><datestamp>2026-02-03T10:19:46Z</datestamp><setSpec>com_10630_1685</setSpec><setSpec>col_10630_38055</setSpec></header><metadata><record xmlns="http://www.loc.gov/MARC21/slim" xmlns:dcterms="http://purl.org/dc/terms/" xmlns:doc="http://www.lyncode.com/xoai" xmlns:xsi="http://www.w3.org/2001/XMLSchema-instance" xsi:schemaLocation="http://www.loc.gov/MARC21/slim http://www.loc.gov/standards/marcxml/schema/MARC21slim.xsd">
   <leader>00925njm 22002777a 4500</leader>
   <datafield ind2=" " ind1=" " tag="042">
      <subfield code="a">dc</subfield>
   </datafield>
   <datafield ind2=" " ind1=" " tag="720">
      <subfield code="a">Raya Angulo, María</subfield>
      <subfield code="e">author</subfield>
   </datafield>
   <datafield ind2=" " ind1=" " tag="260">
      <subfield code="c">2024</subfield>
   </datafield>
   <datafield ind2=" " ind1=" " tag="520">
      <subfield code="a">El cine es política y por ello, vulnerable. Las artes en nuestro país han pasado, en numerosas&#xd;
ocasiones, a un segundo plano debido al requerimiento de una inversión económica para poder&#xd;
subsistir.&#xd;
La desidia del Gobierno y de los ayuntamientos municipales hacia las artes, han conducido a éstas a&#xd;
un estado de inestabilidad e incertidumbre insostenible, hasta el punto de provocar el cierre de algunos&#xd;
cines y teatros.&#xd;
Este estudio parte de esta idea y la entrelaza con la situación incierta que se vivió en la época de la&#xd;
Covid-19. Si las artes ya iban en declive, ahora con una pandemia de por medio el asunto se complicó.&#xd;
En cualquier caso, este proyecto elige adoptar una perspectiva optimista ante este panorama, y&#xd;
aprovecha el fenómeno digital que se dio por las redes sociales el pasado año 2023, para esclarecer la&#xd;
situación cinematográfica. Y es que, desarrollar una apropiada campaña de marketing puede ser clave&#xd;
para el éxito de un producto audiovisual, y asimismo, para una mejora en el campo de las artes,&#xd;
concretamente en el cine.</subfield>
   </datafield>
   <datafield ind1="8" ind2=" " tag="024">
      <subfield code="a">https://hdl.handle.net/10630/35604</subfield>
   </datafield>
   <datafield tag="653" ind2=" " ind1=" ">
      <subfield code="a">Publicidad - Cine - Trabajos fin de Grado</subfield>
   </datafield>
   <datafield tag="653" ind2=" " ind1=" ">
      <subfield code="a">Marketing - Trabajos fin de Grado</subfield>
   </datafield>
   <datafield tag="653" ind2=" " ind1=" ">
      <subfield code="a">Redes sociales - Trabajos fin de Grado</subfield>
   </datafield>
   <datafield ind2="0" ind1="0" tag="245">
      <subfield code="a">"Barbenheimer” un fenómeno nacido en Internet. La importancia del marketing cinematográfico</subfield>
   </datafield>
</record>
</metadata></record></GetRecord></OAI-PMH>